[Event "7th Iberoamerican-ch 2019"]
[Site "Linares"]
[Date "2019.08.18"]
[Round "9.24"]
[White "Cori T., Deysi"]
[Black "Lacayo, Rene"]
[Result "1-0"]
[WhiteElo "2400"]
[BlackElo "2274"]
[Annotator "NA"]
[PlyCount "79"]
[EventDate "2019.08.10"]
[EventType "swiss"]
[EventCountry "ESP"]
[SourceTitle "playchess.com"]
[Source "ChessBase"]
[SourceQuality "1"]
[TimeControl "5400+30"]

1. d4 {[%emt 0:06:27]} Nf6 {[%emt 0:00:00]} 2. Nf3 {[%emt 0:00:17]} e6 {[%emt 0:00:09]} 3. e3 {[%emt 0:00:06]} d5 {[%emt 0:01:14]} 4. c4 {[%emt 0:00:07]} c6 {[%emt 0:00:30]} 5. Nbd2 {[%emt 0:00:14]} Nbd7 {[%emt 0:00:12]} 6. Bd3 {[%emt 0:00:07]} Be7 {[%emt 0:00:22]} 7. O-O {[%emt 0:00:18]} O-O {[%emt 0:00:01]} 8. Qe2 {[%emt 0:01:35]} b6 {[%emt 0:04:50]} 9. Rd1 {[%emt 0:03:49]} Bb7 {[%emt 0:00:26]} 10. b3 {[%emt 0:04:21]} c5 {[%emt 0:03:31]} 11. Bb2 {[%emt 0:03:30]} cxd4 {[%emt 0:04:25]} 12. exd4 {[%emt 0:09:08]} Rc8 {[%emt 0:07:35]} 13. Rac1 {[%emt 0:04:39]} Bd6 {[%emt 0:02:50]} 14. Ne5 {[%emt 0:01:57]} Qe7 {[%emt 0:00:18]} 15. Ndf3 {[%emt 0:03:20]} Ne4 {[%emt 0:19:13]} 16. Nxd7 {[%emt 0:13:13]} Qxd7 {[%emt 0:03:33]} 17. Ne5 {[%emt 0:00:12]} Qe7 {[%emt 0:00:25]} 18. cxd5 {[%emt 0:01:55]} exd5 {[%emt 0:00:15]} 19. f3 {[%emt 0:00:08]} Nf6 {[%emt 0:01:24]} 20. Ba6 {[%emt 0:25:25]} Rfe8 {[%emt 0:06:54]} 21. g3 {[%emt 0:05:02]} h6 {[%emt 0:04:53]} 22. Kg2 {[%emt 0:00:50]} Nh7 {[%emt 0:05:33]} 23. Bxb7 {[%emt 0:03:08]} Qxb7 {[%emt 0:00:39]} 24. Qb5 {[%emt 0:00:12]} Nf6 {[%emt 0:02:36]} 25. h4 {[%emt 0:04:39]} Nh5 {[%emt 0:08:49]} 26. Rxc8 {[%emt 0:00:42]} Rxc8 {[%emt 0:00:15]} 27. Rc1 {[%emt 0:00:08]} Nf6 {[%emt 0:06:05]} 28. Qd3 {[%emt 0:04:18]} Rxc1 {[%emt 0:01:01]} 29. Bxc1 {[%emt 0:00:00]} Qc7 {[%emt 0:03:06]} 30. Bb2 {[%emt 0:00:01]} g6 {[%emt 0:03:03]} 31. Qd2 {[%emt 0:01:23]} h5 {[%emt 0:01:44]} 32. Qd3 {[%emt 0:01:46]} Kg7 {[%emt 0:00:31]} 33. Bc3 {[%emt 0:01:15]} Ng8 {[%emt 0:04:06]} 34. Bd2 {[%emt 0:02:07]} Ne7 {[%emt 0:00:49]} 35. Qc3 {[%emt 0:00:35]} Qb7 {[%emt 0:02:23]} 36. Bh6+ {[%emt 0:00:34]} Kxh6 {[%emt 0:03:23]} 37. Nxf7+ {[%emt 0:00:04]} Kg7 {[%emt 0:00:02]} 38. Nxd6 {[%emt 0:00:05]} Qd7 {[%emt 0:00:04]} 39. Qc7 {[%emt 0:00:32]} Qe6 {[%emt 0:00:21]} 40. Kf2 {[%emt 0:00:18]} 1-0

[Event "7th Iberoamerican-ch 2019"]
[Site "Linares"]
[Date "2019.08.18"]
[Round "9.25"]
[White "Forgas Moreno, Yaniela"]
[Black "Valenzuela Gomez, Fernando"]
[Result "1/2-1/2"]
[WhiteElo "2276"]
[BlackElo "2388"]
[Annotator "NA"]
[PlyCount "88"]
[EventDate "2019.08.10"]
[EventType "swiss"]
[EventCountry "ESP"]
[SourceTitle "playchess.com"]
[Source "ChessBase"]
[SourceQuality "1"]
[TimeControl "5400+30"]

1. e4 {[%emt 0:00:00]} c5 {[%emt 0:00:00]} 2. Nc3 {[%emt 0:00:00]} a6 {[%emt 0:00:00]} 3. g3 {[%emt 0:00:00]} d6 {[%emt 0:01:00]} 4. Bg2 {[%emt 0:00:13]} e6 {[%emt 0:01:04]} 5. d3 {[%emt 0:00:22]} Nc6 {[%emt 0:00:36]} 6. f4 {[%emt 0:01:09]} Nf6 {[%emt 0:01:37]} 7. Nf3 {[%emt 0:03:39]} Be7 {[%emt 0:00:10]} 8. O-O {[%emt 0:00:43]} Qc7 {[%emt 0:01:24]} 9. h3 {[%emt 0:04:03]} b5 {[%emt 0:00:44]} 10. Ne2 {[%emt 0:01:08]} Bb7 {[%emt 0:03:46]} 11. c3 {[%emt 0:01:56]} c4 {[%emt 0:01:34]} 12. dxc4 {[%emt 0:09:19]} Nxe4 {[%emt 0:02:42]} 13. cxb5 {[%emt 0:01:04]} axb5 {[%emt 0:00:11]} 14. Nfd4 {[%emt 0:02:36]} Nxd4 {[%emt 0:00:28]} 15. Qxd4 {[%emt 0:00:50]} Nf6 {[%emt 0:01:15]} 16. Be3 {[%emt 0:02:35]} Bxg2 {[%emt 0:00:36]} 17. Kxg2 {[%emt 0:00:04]} O-O {[%emt 0:00:17]} 18. Kh2 {[%emt 0:00:52]} Nd5 {[%emt 0:04:53]} 19. a3 {[%emt 0:04:17]} Bf6 {[%emt 0:07:40]} 20. Qd3 {[%emt 0:00:14]} Nxe3 {[%emt 0:04:58]} 21. Qxe3 {[%emt 0:00:05]} Ra4 {[%emt 0:01:27]} 22. Rad1 {[%emt 0:01:01]} d5 {[%emt 0:00:45]} 23. Nd4 {[%emt 0:02:02]} Rc8 {[%emt 0:01:58]} 24. Rf2 {[%emt 0:04:38]} Qb6 {[%emt 0:01:40]} 25. Rfd2 {[%emt 0:01:12]} Rac4 {[%emt 0:00:34]} 26. h4 {[%emt 0:07:47]} Qb8 {[%emt 0:01:34]} 27. Kg2 {[%emt 0:00:54]} Re8 {[%emt 0:00:56]} 28. Qf3 {[%emt 0:01:09]} Rc7 {[%emt 0:02:43]} 29. Re1 {[%emt 0:01:51]} Rc4 {[%emt 0:00:37]} 30. Red1 {[%emt 0:00:47]} Bxd4 {[%emt 0:00:57]} 31. Rxd4 {[%emt 0:00:07]} Rec8 {[%emt 0:00:36]} 32. Qe2 {[%emt 0:08:13]} Qd6 {[%emt 0:00:44]} 33. Kf3 {[%emt 0:05:37]} Rd8 {[%emt 0:01:37]} 34. Kg2 {[%emt 0:01:58]} Rc5 {[%emt 0:01:33]} 35. Kh2 {[%emt 0:00:55]} f6 {[%emt 0:01:03]} 36. Re1 {[%emt 0:01:49]} Re8 {[%emt 0:00:10]} 37. Qh5 {[%emt 0:03:25]} Re7 {[%emt 0:01:51]} 38. Qf3 {[%emt 0:01:30]} Rc4 {[%emt 0:01:06]} 39. h5 {[%emt 0:02:46]} Rxd4 {[%emt 0:00:35]} 40. cxd4 {[%emt 0:00:04]} Rc7 {[%emt 0:01:05]} 41. Qe2 {[%emt 0:01:53]} Rc4 {[%emt 0:01:21]} 42. Qxe6+ {[%emt 0:03:11]} Qxe6 {[%emt 0:01:28]} 43. Rxe6 {[%emt 0:00:05]} Rxd4 {[%emt 0:00:31]} 44. Rd6 {[%emt 0:01:33]} Rd2+ {[%emt 0:04:15]} 1/2-1/2

[Event "7th Iberoamerican-ch 2019"]
[Site "Linares"]
[Date "2019.08.18"]
[Round "9.26"]
[White "Gavarrete, Nahun"]
[Black "Calzetta Ruiz, Monica"]
[Result "0-1"]
[WhiteElo "2349"]
[BlackElo "2257"]
[Annotator "NA"]
[PlyCount "88"]
[EventDate "2019.08.10"]
[EventType "swiss"]
[EventCountry "ESP"]
[SourceTitle "playchess.com"]
[Source "ChessBase"]
[SourceQuality "1"]
[TimeControl "5400+30"]

1. e4 {[%emt 0:00:00]} c5 {[%emt 0:00:00]} 2. Nf3 {[%emt 0:00:00]} Nc6 {[%emt 0:00:00]} 3. d4 {[%emt 0:00:00]} cxd4 {[%emt 0:00:00]} 4. Nxd4 {[%emt 0:00:02]} g6 {[%emt 0:00:02]} 5. Nc3 {[%emt 0:02:21]} Bg7 {[%emt 0:00:14]} 6. Be3 {[%emt 0:00:04]} Nf6 {[%emt 0:00:31]} 7. Bc4 {[%emt 0:00:52]} O-O {[%emt 0:00:32]} 8. Bb3 {[%emt 0:00:03]} d6 {[%emt 0:00:49]} 9. f3 {[%emt 0:00:24]} Bd7 {[%emt 0:03:04]} 10. Qd2 {[%emt 0:00:03]} Na5 {[%emt 0:00:11]} 11. O-O-O {[%emt 0:03:49]} Nxb3+ {[%emt 0:07:01]} 12. Nxb3 {[%emt 0:00:51]} b5 {[%emt 0:00:38]} 13. Bg5 {[%emt 0:02:19]} b4 {[%emt 0:11:03]} 14. Nd5 {[%emt 0:00:53]} Nxd5 {[%emt 0:02:02]} 15. exd5 {[%emt 0:00:09]} a5 {[%emt 0:00:33]} 16. Rhe1 {[%emt 0:00:16]} Re8 {[%emt 0:03:20]} 17. Nd4 {[%emt 0:00:10]} Rc8 {[%emt 0:01:28]} 18. Re4 {[%emt 0:18:49]} Rc5 {[%emt 0:04:56]} 19. Nb3 {[%emt 0:03:15]} Rb5 {[%emt 0:25:03]} 20. Kb1 {[%emt 0:00:13]} Bf5 {[%emt 0:02:38]} 21. Qe2 {[%emt 0:06:52]} Rb7 {[%emt 0:01:55]} 22. Rc4 {[%emt 0:17:25]} a4 {[%emt 0:00:10]} 23. g4 {[%emt 0:00:06]} axb3 {[%emt 0:06:37]} 24. gxf5 {[%emt 0:00:04]} bxa2+ {[%emt 0:00:07]} 25. Ka1 {[%emt 0:00:09]} Qa8 {[%emt 0:02:37]} 26. Bc1 {[%emt 0:06:48]} Rc8 {[%emt 0:01:10]} 27. fxg6 {[%emt 0:00:53]} hxg6 {[%emt 0:00:04]} 28. h4 {[%emt 0:01:24]} Rbc7 {[%emt 0:00:41]} 29. Rxc7 {[%emt 0:00:08]} Rxc7 {[%emt 0:00:04]} 30. h5 {[%emt 0:00:05]} Qc8 {[%emt 0:06:19]} 31. Rd2 {[%emt 0:02:52]} gxh5 {[%emt 0:00:41]} 32. Qd3 {[%emt 0:01:59]} Qh3 {[%emt 0:06:49]} 33. Kxa2 {[%emt 0:00:55]} h4 {[%emt 0:02:55]} 34. Kb3 {[%emt 0:00:21]} Qg3 {[%emt 0:00:34]} 35. Rd1 {[%emt 0:05:58]} h3 {[%emt 0:00:12]} 36. f4 {[%emt 0:00:15]} Qg2 {[%emt 0:03:08]} 37. Rd2 {[%emt 0:00:35]} Qg1 {[%emt 0:00:49]} 38. Rd1 {[%emt 0:01:05]} h2 {[%emt 0:00:05]} 39. Be3 {[%emt 0:01:14]} Qg2 {[%emt 0:00:32]} 40. Bb6 {[%emt 0:04:19]} Rb7 {[%emt 0:02:20]} 41. Qa6 {[%emt 0:01:31]} Rxb6 {[%emt 0:00:17]} 42. Qxb6 {[%emt 0:00:27]} h1=Q {[%emt 0:00:07]} 43. Rxh1 {[%emt 0:01:41]} Qxd5+ {[%emt 0:00:04]} 44. Kxb4 {[%emt 0:01:26]} Qxh1 {[%emt 0:00:02]} 0-1

[Event "7th Iberoamerican-ch 2019"]
[Site "Linares"]
[Date "2019.08.18"]
[Round "9.27"]
[White "Blanco Acevedo, Cristobal Jose"]
[Black "Diaz Mino, Pablo"]
[Result "1-0"]
[WhiteElo "2342"]
[BlackElo "2239"]
[Annotator "NA"]
[PlyCount "95"]
[EventDate "2019.08.10"]
[EventType "swiss"]
[EventCountry "ESP"]
[SourceTitle "playchess.com"]
[Source "ChessBase"]
[SourceQuality "1"]
[TimeControl "5400+30"]

1. c4 {[%emt 0:06:40]} Nf6 {[%emt 0:00:00]} 2. Nc3 {[%emt 0:00:05]} g6 {[%emt 0:01:57]} 3. e4 {[%emt 0:00:29]} d6 {[%emt 0:00:06]} 4. d4 {[%emt 0:00:21]} Bg7 {[%emt 0:00:08]} 5. Be2 {[%emt 0:00:22]} O-O {[%emt 0:03:45]} 6. Be3 {[%emt 0:00:06]} Nbd7 {[%emt 0:07:47]} 7. g4 {[%emt 0:00:41]} e5 {[%emt 0:14:21]} 8. d5 {[%emt 0:00:35]} Nc5 {[%emt 0:03:16]} 9. f3 {[%emt 0:00:05]} a5 {[%emt 0:00:31]} 10. Qd2 {[%emt 0:01:28]} Bd7 {[%emt 0:02:55]} 11. h4 {[%emt 0:02:04]} h5 {[%emt 0:01:57]} 12. Bg5 {[%emt 0:00:42]} Kh7 {[%emt 0:08:30]} 13. gxh5 {[%emt 0:01:13]} gxh5 {[%emt 0:01:15]} 14. O-O-O {[%emt 0:03:00]} Qe8 {[%emt 0:11:09]} 15. Nh3 {[%emt 0:08:10]} Ng8 {[%emt 0:05:23]} 16. Rdg1 {[%emt 0:04:52]} f6 {[%emt 0:06:24]} 17. Be3 {[%emt 0:00:56]} Bh6 {[%emt 0:13:32]} 18. Ng5+ {[%emt 0:00:53]} Kh8 {[%emt 0:00:32]} 19. f4 {[%emt 0:01:58]} exf4 {[%emt 0:11:05]} 20. Bd4 {[%emt 0:00:11]} Bg7 {[%emt 0:01:45]} 21. Qxf4 {[%emt 0:01:05]} Qg6 {[%emt 0:02:31]} 22. Nh3 {[%emt 0:03:20]} Qh7 {[%emt 0:00:32]} 23. Kb1 {[%emt 0:03:17]} Rae8 {[%emt 0:00:12]} 24. Nf2 {[%emt 0:01:35]} Re7 {[%emt 0:01:22]} 25. Rh2 {[%emt 0:02:54]} Be8 {[%emt 0:00:09]} 26. Rhg2 {[%emt 0:00:13]} Nd7 {[%emt 0:00:17]} 27. Qg3 {[%emt 0:02:50]} Ne5 {[%emt 0:00:28]} 28. c5 {[%emt 0:01:47]} Nh6 {[%emt 0:01:31]} 29. Ka1 {[%emt 0:02:07]} Rg8 {[%emt 0:00:21]} 30. cxd6 {[%emt 0:01:34]} cxd6 {[%emt 0:00:01]} 31. Qf4 {[%emt 0:01:34]} Rf8 {[%emt 0:00:40]} 32. Bb5 {[%emt 0:03:25]} Nhg4 {[%emt 0:00:31]} 33. Bxe8 {[%emt 0:02:35]} Rfxe8 {[%emt 0:00:10]} 34. Nxg4 {[%emt 0:00:18]} Nxg4 {[%emt 0:01:25]} 35. Qxd6 {[%emt 0:00:07]} b5 {[%emt 0:00:18]} 36. b4 {[%emt 0:06:07]} axb4 {[%emt 0:00:13]} 37. Qxb4 {[%emt 0:00:08]} Rxe4 {[%emt 0:00:47]} 38. Qxb5 {[%emt 0:03:40]} Re1+ {[%emt 0:00:31]} 39. Kb2 {[%emt 0:01:06]} Qg8 {[%emt 0:00:41]} 40. Rxe1 {[%emt 0:00:26]} Rxe1 {[%emt 0:00:01]} 41. Re2 {[%emt 0:00:17]} Rxe2+ {[%emt 0:00:38]} 42. Qxe2 {[%emt 0:00:28]} Qb8+ {[%emt 0:00:25]} 43. Kc2 {[%emt 0:00:16]} Qc8 {[%emt 0:00:56]} 44. Qe7 {[%emt 0:00:46]} Qf5+ {[%emt 0:00:22]} 45. Kb3 {[%emt 0:00:46]} Nh6 {[%emt 0:00:39]} 46. Qe8+ {[%emt 0:01:05]} Kh7 {[%emt 0:00:24]} 47. d6 {[%emt 0:00:42]} Qa5 {[%emt 0:00:34]} 48. d7 1-0

[Event "7th Iberoamerican-ch 2019"]
[Site "Linares"]
[Date "2019.08.18"]
[Round "9.28"]
[White "Serarols Mabras, Bernat"]
[Black "Martinez-Conde Hernandez, Carlos"]
[Result "1-0"]
[WhiteElo "2338"]
[BlackElo "2046"]
[Annotator "NA"]
[PlyCount "109"]
[EventDate "2019.08.10"]
[EventType "swiss"]
[EventCountry "ESP"]
[SourceTitle "playchess.com"]
[Source "ChessBase"]
[SourceQuality "1"]
[TimeControl "5400+30"]

1. d4 {[%emt 0:00:00]} Nf6 {[%emt 0:00:00]} 2. c4 {[%emt 0:00:00]} g6 {[%emt 0:00:00]} 3. Nf3 {[%emt 0:00:00]} Bg7 {[%emt 0:00:06]} 4. e3 {[%emt 0:00:00]} O-O {[%emt 0:00:52]} 5. Be2 {[%emt 0:00:00]} d6 {[%emt 0:01:52]} 6. Nc3 {[%emt 0:00:00]} Nbd7 {[%emt 0:01:17]} 7. O-O {[%emt 0:00:00]} a5 {[%emt 0:01:46]} 8. Qc2 {[%emt 0:01:15]} c6 {[%emt 0:02:43]} 9. Rd1 {[%emt 0:02:26]} Re8 {[%emt 0:08:30]} 10. b3 {[%emt 0:01:38]} d5 {[%emt 0:03:30]} 11. Bb2 {[%emt 0:07:32]} Nb6 {[%emt 0:03:16]} 12. cxd5 {[%emt 0:01:08]} Nfxd5 {[%emt 0:00:36]} 13. h3 {[%emt 0:01:03]} a4 {[%emt 0:03:20]} 14. bxa4 {[%emt 0:08:42]} Nxc3 {[%emt 0:05:09]} 15. Bxc3 {[%emt 0:00:10]} Nxa4 {[%emt 0:01:01]} 16. Be1 {[%emt 0:00:14]} Qb6 {[%emt 0:04:28]} 17. Bc4 {[%emt 0:06:32]} e6 {[%emt 0:09:29]} 18. Bb3 {[%emt 0:03:14]} Qa7 {[%emt 0:01:18]} 19. Rac1 {[%emt 0:00:32]} Bf8 {[%emt 0:02:15]} 20. Ng5 {[%emt 0:02:05]} Be7 {[%emt 0:03:41]} 21. Ne4 {[%emt 0:01:40]} b6 {[%emt 0:03:19]} 22. Qxc6 {[%emt 0:04:36]} Bb7 {[%emt 0:01:32]} 23. Qc2 {[%emt 0:07:50]} Rac8 {[%emt 0:02:46]} 24. Qb1 {[%emt 0:02:16]} Qa8 {[%emt 0:02:02]} 25. f3 {[%emt 0:05:48]} Bxe4 {[%emt 0:06:38]} 26. Qxe4 {[%emt 0:01:14]} Qxe4 {[%emt 0:00:18]} 27. fxe4 {[%emt 0:00:03]} Nb2 {[%emt 0:01:01]} 28. Rxc8 {[%emt 0:00:33]} Rxc8 {[%emt 0:00:01]} 29. Rb1 {[%emt 0:01:58]} Nd3 {[%emt 0:04:18]} 30. Bd2 {[%emt 0:02:04]} Ba3 {[%emt 0:02:08]} 31. Kf1 {[%emt 0:02:54]} Kg7 {[%emt 0:04:13]} 32. e5 {[%emt 0:07:08]} b5 {[%emt 0:03:55]} 33. e4 {[%emt 0:16:27]} Rd8 {[%emt 0:07:18]} 34. Be3 {[%emt 0:01:35]} Rc8 {[%emt 0:01:58]} 35. Rd1 {[%emt 0:02:29]} Nb2 {[%emt 0:02:03]} 36. Rd2 {[%emt 0:03:45]} Rc1+ {[%emt 0:02:44]} 37. Ke2 {[%emt 0:00:47]} Nc4 {[%emt 0:00:04]} 38. Bxc4 {[%emt 0:00:07]} bxc4 {[%emt 0:00:02]} 39. d5 {[%emt 0:00:34]} c3 {[%emt 0:00:41]} 40. Rd1 {[%emt 0:01:05]} Rc2+ {[%emt 0:00:04]} 41. Kd3 {[%emt 0:00:00]} Rxg2 {[%emt 0:00:37]} 42. Kxc3 {[%emt 0:00:11]} exd5 {[%emt 0:00:16]} 43. exd5 {[%emt 0:00:33]} Bb2+ {[%emt 0:00:09]} 44. Kc4 {[%emt 0:04:11]} Bxe5 {[%emt 0:00:14]} 45. a4 {[%emt 0:00:46]} Ra2 {[%emt 0:02:05]} 46. Kb5 {[%emt 0:00:08]} Rb2+ {[%emt 0:00:15]} 47. Kc6 {[%emt 0:00:32]} Ra2 {[%emt 0:00:03]} 48. Bd4 {[%emt 0:00:30]} Bxd4 {[%emt 0:01:41]} 49. Rxd4 {[%emt 0:00:02]} Kf8 {[%emt 0:00:11]} 50. Rc4 {[%emt 0:00:56]} f5 {[%emt 0:02:10]} 51. d6 {[%emt 0:00:29]} Rd2 {[%emt 0:00:29]} 52. Kc7 {[%emt 0:01:50]} Kf7 {[%emt 0:00:10]} 53. a5 {[%emt 0:00:13]} Ke6 {[%emt 0:00:08]} 54. a6 {[%emt 0:01:22]} Ra2 {[%emt 0:00:15]} 55. d7 {[%emt 0:00:19]} 1-0

[Event "7th Iberoamerican-ch 2019"]
[Site "Linares"]
[Date "2019.08.18"]
[Round "9.29"]
[White "Perez Garcia, Alejandro"]
[Black "Romero Berruezo, Francisco"]
[Result "1-0"]
[WhiteElo "2347"]
[BlackElo "2161"]
[Annotator "NA"]
[PlyCount "111"]
[EventDate "2019.08.10"]
[EventType "swiss"]
[EventCountry "ESP"]
[SourceTitle "playchess.com"]
[Source "ChessBase"]
[SourceQuality "1"]
[TimeControl "5400+30"]

1. Nf3 {[%emt 0:00:00]} d5 {[%emt 0:02:02]} 2. g3 {[%emt 0:00:17]} Bg4 {[%emt 0:00:32]} 3. Bg2 {[%emt 0:01:08]} Nd7 {[%emt 0:00:16]} 4. O-O {[%emt 0:03:17]} e6 {[%emt 0:00:33]} 5. h3 {[%emt 0:01:09]} Bh5 {[%emt 0:00:17]} 6. d3 {[%emt 0:06:27]} Ngf6 {[%emt 0:03:08]} 7. Nbd2 {[%emt 0:02:50]} c6 {[%emt 0:09:49]} 8. Qe1 {[%emt 0:02:16]} Bb4 {[%emt 0:07:32]} 9. a3 {[%emt 0:08:18]} Ba5 {[%emt 0:00:40]} 10. e4 {[%emt 0:02:23]} O-O {[%emt 0:06:58]} 11. b4 {[%emt 0:12:01]} Bc7 {[%emt 0:00:49]} 12. e5 {[%emt 0:00:54]} Ne8 {[%emt 0:00:07]} 13. Bb2 {[%emt 0:00:48]} a5 {[%emt 0:00:10]} 14. Nb3 {[%emt 0:02:53]} axb4 {[%emt 0:02:18]} 15. axb4 {[%emt 0:04:09]} Bxf3 {[%emt 0:01:36]} 16. Bxf3 {[%emt 0:01:28]} Qb8 {[%emt 0:02:36]} 17. Rxa8 {[%emt 0:03:32]} Qxa8 {[%emt 0:00:17]} 18. Qe2 {[%emt 0:00:23]} Qb8 {[%emt 0:03:21]} 19. Re1 {[%emt 0:00:19]} Kh8 {[%emt 0:00:47]} 20. Bg2 {[%emt 0:14:21]} Bd8 {[%emt 0:14:42]} 21. b5 {[%emt 0:05:37]} Be7 {[%emt 0:00:30]} 22. c4 {[%emt 0:04:49]} Nc7 {[%emt 0:01:35]} 23. Nd4 {[%emt 0:00:47]} cxb5 {[%emt 0:08:36]} 24. cxd5 {[%emt 0:02:31]} Bb4 {[%emt 0:04:43]} 25. Rc1 {[%emt 0:08:03]} exd5 {[%emt 0:13:39]} 26. e6 {[%emt 0:06:05]} Nxe6 {[%emt 0:01:09]} 27. Nxe6 {[%emt 0:00:33]} fxe6 {[%emt 0:00:09]} 28. Qg4 {[%emt 0:00:07]} Ne5 {[%emt 0:04:18]} 29. Bxe5 {[%emt 0:00:13]} Qxe5 {[%emt 0:00:31]} 30. Qxb4 {[%emt 0:00:05]} Kg8 {[%emt 0:00:25]} 31. Qxb5 {[%emt 0:01:02]} Qd4 {[%emt 0:00:23]} 32. Rc2 {[%emt 0:00:45]} h5 {[%emt 0:01:11]} 33. h4 {[%emt 0:00:57]} Ra8 {[%emt 0:01:41]} 34. Qxb7 {[%emt 0:01:19]} Ra1+ {[%emt 0:00:10]} 35. Kh2 {[%emt 0:00:06]} Qxd3 {[%emt 0:00:45]} 36. Rc8+ {[%emt 0:01:38]} Kh7 {[%emt 0:00:05]} 37. Qf7 {[%emt 0:00:22]} Qf5 {[%emt 0:01:38]} 38. Qxf5+ {[%emt 0:03:14]} exf5 {[%emt 0:00:01]} 39. Bxd5 {[%emt 0:00:11]} Ra6 {[%emt 0:01:16]} 40. Rc6 {[%emt 0:00:27]} Ra7 {[%emt 0:00:18]} 41. Kg2 {[%emt 0:00:31]} g6 {[%emt 0:00:22]} 42. Kf3 {[%emt 0:00:12]} Kg7 {[%emt 0:00:53]} 43. Kf4 {[%emt 0:00:23]} Ra4+ {[%emt 0:01:28]} 44. Rc4 {[%emt 0:00:24]} Ra5 {[%emt 0:00:23]} 45. Rc7+ {[%emt 0:01:02]} Kh6 {[%emt 0:00:17]} 46. Bg8 {[%emt 0:01:11]} Ra4+ {[%emt 0:00:15]} 47. Ke5 {[%emt 0:00:16]} Ra5+ {[%emt 0:00:13]} 48. Kf6 {[%emt 0:00:27]} Ra6+ {[%emt 0:00:08]} 49. Be6 {[%emt 0:00:41]} Rb6 {[%emt 0:02:19]} 50. Rc8 {[%emt 0:00:35]} Kh7 {[%emt 0:00:25]} 51. Re8 {[%emt 0:00:13]} Rb4 {[%emt 0:01:20]} 52. Rg8 {[%emt 0:00:41]} Rg4 {[%emt 0:02:50]} 53. Rg7+ {[%emt 0:00:06]} Kh8 {[%emt 0:00:58]} 54. Rxg6 {[%emt 0:00:08]} Rxg6+ {[%emt 0:00:33]} 55. Kxg6 {[%emt 0:00:05]} f4 {[%emt 0:00:03]} 56. Kxh5 {[%emt 0:00:05]} 1-0

[Event "7th Iberoamerican-ch 2019"]
[Site "Linares"]
[Date "2019.08.18"]
[Round "9.30"]
[White "Castillo Gallego, Sergio"]
[Black "Lopez Mulet, Inigo"]
[Result "0-1"]
[WhiteElo "2203"]
[BlackElo "2397"]
[Annotator "NA"]
[PlyCount "70"]
[EventDate "2019.08.10"]
[EventType "swiss"]
[EventCountry "ESP"]
[SourceTitle "playchess.com"]
[Source "ChessBase"]
[SourceQuality "1"]
[TimeControl "5400+30"]

1. e4 {[%emt 0:04:38]} e6 {[%emt 0:00:00]} 2. d4 {[%emt 0:00:21]} d5 {[%emt 0:00:00]} 3. Nc3 {[%emt 0:00:06]} Nf6 {[%emt 0:00:00]} 4. e5 {[%emt 0:00:16]} Nfd7 {[%emt 0:00:00]} 5. Qg4 {[%emt 0:00:08]} c5 {[%emt 0:01:45]} 6. Nb5 {[%emt 0:01:31]} cxd4 {[%emt 0:02:06]} 7. Nf3 {[%emt 0:00:05]} Nc6 {[%emt 0:01:43]} 8. Bf4 {[%emt 0:00:06]} Qa5+ {[%emt 0:04:38]} 9. Bd2 {[%emt 0:00:15]} Qb6 {[%emt 0:00:53]} 10. Nd6+ {[%emt 0:00:12]} Bxd6 {[%emt 0:00:07]} 11. Qxg7 {[%emt 0:00:06]} Bxe5 {[%emt 0:05:07]} 12. Nxe5 {[%emt 0:01:30]} Rf8 {[%emt 0:00:05]} 13. Nd3 {[%emt 0:00:25]} e5 {[%emt 0:12:59]} 14. O-O-O {[%emt 0:02:31]} e4 {[%emt 0:01:13]} 15. Nf4 {[%emt 0:18:30]} Ne7 {[%emt 0:00:52]} 16. Nh5 {[%emt 0:11:49]} Qg6 {[%emt 0:01:30]} 17. g4 {[%emt 0:05:52]} Qxg7 {[%emt 0:08:13]} 18. Nxg7+ {[%emt 0:00:06]} Kd8 {[%emt 0:00:02]} 19. Bb4 {[%emt 0:05:04]} Nf6 {[%emt 0:07:40]} 20. h3 {[%emt 0:12:47]} Rg8 {[%emt 0:01:11]} 21. g5 {[%emt 0:01:40]} Nd7 {[%emt 0:01:45]} 22. Bxe7+ {[%emt 0:01:33]} Kxe7 {[%emt 0:00:04]} 23. Nf5+ {[%emt 0:00:09]} Ke6 {[%emt 0:00:32]} 24. Nxd4+ {[%emt 0:00:30]} Ke5 {[%emt 0:00:05]} 25. Be2 {[%emt 0:09:34]} Rxg5 {[%emt 0:10:15]} 26. f4+ {[%emt 0:01:05]} Kxf4 {[%emt 0:00:05]} 27. Rhf1+ {[%emt 0:00:38]} Ke5 {[%emt 0:00:05]} 28. Rxf7 {[%emt 0:00:33]} Nf6 {[%emt 0:00:30]} 29. Rf8 {[%emt 0:07:18]} Rg8 {[%emt 0:01:23]} 30. Rf7 {[%emt 0:03:21]} Bd7 {[%emt 0:07:43]} 31. Bg4 {[%emt 0:07:55]} Nxg4 {[%emt 0:06:42]} 32. hxg4 {[%emt 0:00:05]} Bxg4 {[%emt 0:00:32]} 33. Rd2 {[%emt 0:02:55]} Raf8 {[%emt 0:00:20]} 34. Rxf8 {[%emt 0:01:19]} Rxf8 {[%emt 0:00:04]} 35. c3 {[%emt 0:00:55]} e3 {[%emt 0:00:41]} 0-1

[Event "7th Iberoamerican-ch 2019"]
[Site "Linares"]
[Date "2019.08.18"]
[Round "9.31"]
[White "Sos Andreu, Eric"]
[Black "Garcia Paolicchi, Raul"]
[Result "1/2-1/2"]
[WhiteElo "2354"]
[BlackElo "2140"]
[Annotator "NA"]
[PlyCount "65"]
[EventDate "2019.08.10"]
[EventType "swiss"]
[EventCountry "ESP"]
[SourceTitle "playchess.com"]
[Source "ChessBase"]
[SourceQuality "1"]
[TimeControl "5400+30"]

1. c4 {[%emt 0:00:43]} c6 {[%emt 0:00:00]} 2. Nf3 {[%emt 0:00:13]} d5 {[%emt 0:00:03]} 3. d4 {[%emt 0:00:09]} Nf6 {[%emt 0:00:17]} 4. Qc2 {[%emt 0:00:07]} dxc4 {[%emt 0:00:21]} 5. Qxc4 {[%emt 0:00:05]} Bg4 {[%emt 0:00:34]} 6. Nbd2 {[%emt 0:00:12]} e6 {[%emt 0:00:43]} 7. g3 {[%emt 0:00:11]} Be7 {[%emt 0:01:29]} 8. Bg2 {[%emt 0:00:17]} O-O {[%emt 0:00:40]} 9. O-O {[%emt 0:00:38]} Nbd7 {[%emt 0:03:38]} 10. Ne5 {[%emt 0:04:09]} Bh5 {[%emt 0:01:10]} 11. Ndf3 {[%emt 0:01:12]} Rc8 {[%emt 0:02:34]} 12. Qa4 {[%emt 0:05:59]} Qb6 {[%emt 0:08:43]} 13. Bd2 {[%emt 0:11:02]} Nxe5 {[%emt 0:05:13]} 14. dxe5 {[%emt 0:00:12]} Nd7 {[%emt 0:00:06]} 15. Bc3 {[%emt 0:00:10]} Nc5 {[%emt 0:02:21]} 16. Qf4 {[%emt 0:03:28]} Rcd8 {[%emt 0:06:44]} 17. h4 {[%emt 0:02:36]} Bg6 {[%emt 0:04:06]} 18. Nd2 {[%emt 0:02:49]} Qa6 {[%emt 0:02:18]} 19. Bf3 {[%emt 0:01:18]} h6 {[%emt 0:02:26]} 20. b3 {[%emt 0:04:13]} Nd7 {[%emt 0:09:53]} 21. Qc4 {[%emt 0:05:20]} Qa3 {[%emt 0:04:19]} 22. Qf4 {[%emt 0:06:02]} Nb6 {[%emt 0:03:22]} 23. Nc4 {[%emt 0:02:14]} Nxc4 {[%emt 0:00:10]} 24. Qxc4 {[%emt 0:00:04]} Qc5 {[%emt 0:00:42]} 25. Qxc5 {[%emt 0:00:20]} Bxc5 {[%emt 0:00:08]} 26. Rad1 {[%emt 0:01:17]} Rfe8 {[%emt 0:01:33]} 27. Kg2 {[%emt 0:07:11]} Bb6 {[%emt 0:11:12]} 28. Bb4 {[%emt 0:04:15]} Rxd1 {[%emt 0:03:04]} 29. Rxd1 {[%emt 0:00:39]} Rd8 {[%emt 0:00:48]} 30. Rc1 {[%emt 0:01:46]} Bc7 {[%emt 0:01:17]} 31. Bc3 {[%emt 0:00:21]} Kf8 {[%emt 0:01:00]} 32. b4 {[%emt 0:01:35]} a6 {[%emt 0:04:04]} 33. a4 {[%emt 0:00:42]} 1/2-1/2